LDR 00677naa#a2200181#i#450# 001 EN\\bibl\126145 005 20260704171855.6 011 ## _a0320-3557 100 ## _a20260320b2026####ek#y0engy0150####ca 102 ## _aRU 200 1# _aMATERIALS TO THE FAUNA OF AQUATIC AND RIPARIAN BEETLES (COLEOPTERA) OF BASKUNCHAK LAKE VICINITIES (ASTRAKHAN OBLAST, RUSSIA) _eJournal article 210 1# _aBorok _cPapanin Institute for Biology of Inland Waters Russian Academy of Sciences _d2026 215 ## _a7 с. 608 ## _aJournal article _2local 675 ## _aColeoptera. Жесткокрылые, или жуки. 595.76 _z 700 #1 _aSazhnev _gA. S. 700 #1 _aProkin _gA. A. 856 4# _aibiw.editorum.ru _u